| 000 | 00959cam a22002655a 4500 | ||
|---|---|---|---|
| 001 | 011296157 | ||
| 005 | 20150608134304.0 | ||
| 008 | 840813t1984 njua frb 001 0 eng d | ||
| 020 | _a0131286293 | ||
| 020 | _a9780131286290 | ||
| 040 |
_aUk _beng _cUk _dEG-ScBUE |
||
| 082 | 0 | 4 |
_a660.281 _bSTE _222 |
| 100 | 1 |
_aStephanopoulos, George _934911 |
|
| 245 | 1 | 0 |
_aChemical process control : _ban introduction to theory and practice / _cGeorge Stephanopoulos. |
| 260 |
_aUpper Saddle River : _bPrentice-Hall / Pearson Education Company, _cc.1984. |
||
| 300 |
_axxi, 696 p. : _bill. ; _c24 cm. |
||
| 490 | 0 | _aPrentice-Hall international series in the physical and chemical engineering sciences | |
| 500 | _aIndex : p. 685-696. | ||
| 504 | _aIncludes bibliographical references. | ||
| 650 | 0 |
_aChemical process control _911421 _2BUEsh |
|
| 651 | _2BUEsh | ||
| 653 |
_bENGCHE _cJanuary2014 _cJune2015 |
||
| 655 |
_vtext book _933728 |
||
| 942 |
_2ddc _k660.281 STE |
||
| 999 |
_c17956 _d17928 |
||